000 00725nam a2200229 a 4500
001 000044124
005 20201002045149.0
008 140516s1985 sp 000 0 spa d
020 _a8475309410
040 _aDO-SdBNP
_bspa
_cBNPHU
041 1 7 _aspa
_heng
082 _axxxxx
_bxxxxx
100 1 _aCeram, C. W.
_972128
240 1 0 _aGötter, Gräber und Gelehrte
_lEspañol
245 1 0 _aDioses, tumbas y sabios /
_cC.W. Ceram ; traducción de Manuel Tamayo.
260 _aBarcelona :
_bOrbis,
_c1985.
300 _a407 p. ;
_c19 cm.
490 1 _aBiblioteca de historia
_v1
504 _aBibliografía : p. [409-416]
700 1 2 _aTamayo, Manuel,
_d1917-1977.
_etr.
_972129
830 0 _aBiblioteca de historia ;
_n1
_972130
999 _c43613
_d43613